000
00275nam a22001217a 4500
003
SGT
082
_b
HAR
100
_a
HARLEN, WYNNE
245
_a
UNESCO SOURCE BOOK FOR SCIENCE IN THE PRIMARY SCHOOL
260
_a
FRANCE
_b
UNESCO
_c
1994
300
_a
270
942
_2
ddc
_c
BK
999
_c
19985
_d
19985